Transformando la práctica docente: una propuesta basada en la investigación-acción

Salvato in:
Dettagli Bibliografici
Autori principali: Fierro, Cecilia (Autore), Fortoul, Bertha (Autore), Rosas, Lesvia (Autore)
Natura: Libro
Lingua:spagnolo
Pubblicazione: Ciudad de México Paidós 1999
Serie:Maestros y Ensañanza, 3
Soggetti:
Tags: Aggiungi Tag
Nessun Tag, puoi essere il primo ad aggiungerne!!

MARC

LEADER 00000nam a2200000 a 4500
001 UCN6603
003 CL-VaPUC
008 010928e19990000MX |||||||||||||||||spa|d
020 |a 9688534145 
082 0 4 |a 371.1  |b FIE  |2 21 
100 0 |a Fierro, Cecilia  |e author  |9 462280 
700 0 |a Fortoul, Bertha  |e author  |9 462281 
700 0 |a Rosas, Lesvia  |e author  |9 462282 
245 1 0 |a Transformando la práctica docente: una propuesta basada en la investigación-acción 
300 |a 247 p 
942 |c BK 
945 |d 20010928 00:00:00  |a crobeson 
260 |a Ciudad de México  |b Paidós  |c 1999 
650 0 |a Formación profesional de profesores  |9 307493 
650 0 |a Investigación educacional   |9 261192 
650 0 |a Innovaciones pedagógicas  |9 307471 
583 |a last modification  |c 20010928 00:00:00  |k Rodrigo Vera 
490 0 |a Maestros y Ensañanza, 3 
999 |c 297307  |d 297305 
952 |0 0  |1 0  |4 0  |6 371_100000000000000_FIE_1999  |7 0  |8 A  |9 351902  |a BIBEDU  |b BIBEDU  |d 2019-11-21  |i 3707083  |o 371.1 FIE 1999  |p 3707083  |r 2019-11-21  |w 2019-11-21  |y BK  |k LIT 
952 |0 0  |1 0  |4 0  |6 371_100000000000000_FIE_1999  |7 0  |8 A  |9 351903  |a BIBHIS  |b BIBHIS  |d 2019-11-21  |i 3986152  |l 2  |m 2  |o 371.1 FIE 1999  |p 3986152  |q 2030-12-20  |r 2020-10-06  |s 2020-10-06  |w 2019-11-21  |y BK  |k HIS